03682nam a2200529Ia 4500008004100000020001800041082001600059100002500075245003900100250000600139260002500145300001500170500002500185650001400210942000700224952009600231952009600327952009600423952009600519952009600615952009600711952009600807952009600903952009600999952009601095952009601191952009601287952009601383952009601479952009601575952009601671952009601767952009601863952009601959952009602055952009602151952009602247952009602343952009602439952009602535952012002631952009602751952009602847952009602943952009603039999001703135230524s9999 xx 000 0 und d a9788123039156 a621.56bARO aRamesh Chandra Arora 0aRefrigeration and Air Conditioning a2 aNew DelhibPHIc2012 a"1,1087p;" aQuantity Number: 30 aMechanics cBK 00104070aTATCLbTATCLcGENd2023-05-24l0o621.56 AROp51326r2023-05-24w2023-05-24yBK 00104070aTATCLbTATCLcGENd2023-05-24l0o621.56 AROp51327r2023-05-24w2023-05-24yBK 00104070aTATCLbTATCLcGENd2023-05-24l0o621.56 AROp51328r2023-05-24w2023-05-24yBK 00104070aTATCLbTATCLcGENd2023-05-24l0o621.56 AROp51329r2023-05-24w2023-05-24yBK 00104070aTATCLbTATCLcGENd2023-05-24l0o621.56 AROp51330r2023-05-24w2023-05-24yBK 00104070aTATCLbTATCLcGENd2023-05-24l0o621.56 AROp51331r2023-05-24w2023-05-24yBK 00104070aTATCLbTATCLcGENd2023-05-24l0o621.56 AROp51332r2023-05-24w2023-05-24yBK 00104070aTATCLbTATCLcGENd2023-05-24l0o621.56 AROp51333r2023-05-24w2023-05-24yBK 00104070aTATCLbTATCLcGENd2023-05-24l0o621.56 AROp51334r2023-05-24w2023-05-24yBK 00104070aTATCLbTATCLcGENd2023-05-24l0o621.56 AROp51335r2023-05-24w2023-05-24yBK 00104070aTATCLbTATCLcGENd2023-05-24l0o621.56 AROp51336r2023-05-24w2023-05-24yBK 00104070aTATCLbTATCLcGENd2023-05-24l0o621.56 AROp51337r2023-05-24w2023-05-24yBK 00104070aTATCLbTATCLcGENd2023-05-24l0o621.56 AROp51338r2023-05-24w2023-05-24yBK 00104070aTATCLbTATCLcGENd2023-05-24l0o621.56 AROp51339r2023-05-24w2023-05-24yBK 00104070aTATCLbTATCLcGENd2023-05-24l0o621.56 AROp51340r2023-05-24w2023-05-24yBK 00104070aTATCLbTATCLcGENd2023-05-24l0o621.56 AROp51341r2023-05-24w2023-05-24yBK 00104070aTATCLbTATCLcGENd2023-05-24l0o621.56 AROp51342r2023-05-24w2023-05-24yBK 00104070aTATCLbTATCLcGENd2023-05-24l0o621.56 AROp51343r2023-05-24w2023-05-24yBK 00104070aTATCLbTATCLcGENd2023-05-24l0o621.56 AROp51344r2023-05-24w2023-05-24yBK 00104070aTATCLbTATCLcGENd2023-05-24l0o621.56 AROp51345r2023-05-24w2023-05-24yBK 00104070aTATCLbTATCLcGENd2023-05-24l0o621.56 AROp51346r2023-05-24w2023-05-24yBK 00104070aTATCLbTATCLcGENd2023-05-24l0o621.56 AROp51347r2023-05-24w2023-05-24yBK 00104070aTATCLbTATCLcGENd2023-05-24l0o621.56 AROp51348r2023-05-24w2023-05-24yBK 00104070aTATCLbTATCLcGENd2023-05-24l0o621.56 AROp51349r2023-05-24w2023-05-24yBK 00104070aTATCLbTATCLcGENd2023-05-24l0o621.56 AROp51350r2023-05-24w2023-05-24yBK 00104070aTATCLbTATCLcGENd2023-05-24l1o621.56 AROp51351q2018-08-23r2024-01-25s2024-01-25w2023-05-24yBK 00104070aTATCLbTATCLcGENd2023-05-24l0o621.56 AROp51352r2023-05-24w2023-05-24yBK 00104070aTATCLbTATCLcGENd2023-05-24l0o621.56 AROp51353r2023-05-24w2023-05-24yBK 00104070aTATCLbTATCLcGENd2023-05-24l0o621.56 AROp51354r2023-05-24w2023-05-24yBK 00104070aTATCLbTATCLcGENd2023-05-24l0o621.56 AROp51355r2023-05-24w2023-05-24yBK c54650d54650